1950 1766 1250 1220 1247 1036 1163 1634 1086 1040 1803 1894 1483 1553 1173 1137 1418 1130 1483 1322 1449 1678 1937 1845 1933 1816 1009 1110 1744 1292 1112 1039 1332 1199 1520 1546 1880 1581 1536 1839 1310 1203 1363 1813 1977 1023 1534 1619 1232 1681 1339 1722 1451 1034 1729 1454 1527 1359 1972 1997 1277 1036 1082 1676 1473 1067 1584 1030 1092 1020 1939 1861 1132 1356 1392 1051 1373 1480 1743 1770 1512 1026 1627 1130 1122 1541 1626 1526 1623 1862 1235 1685 1000 1064 1320 1958 1672 1929 1041 BCNSPRNW ULIB Ver.6.0+V

เปลี่ยนเป็นภาษาไทย

Change to English
 แสดงรายละเอียดบรรณานุกรม
  กลับหน้าหลัก

Brief Record : Get Marc (ISO 2709) : E-mail record : QR code < ปิดหน้าต่าง
LEADER : 00000nam 2200000uu 4500
001    13399110743
003     ULIB
008    110608s2549||||th 000 0 tha d
020    9789749479810
060 04 WS105^bป618น 2549
100 0  ปิ่นอนงค์ วัชรปาณ
245 10 น้องเดียว Reality Show /^cปิ่นอนงค์ วัชรปาณ
250    พิมพ์ครั้งที่ 1
260    กรุงเทพฯ :^bเวิร์คพอยท์,^c2549
300    135 หน้า :^bภาพประกอบ
650  7 เด็ก^xการดูแล
650  7 จิตวิทยาเด็ก
995    ทศพร
999 ^a ใช้งานได้ทุกระบบ
รายการนี้ยังไม่มีแท็ก
คุณยังไม่ได้ล็อกอิน คุณสามารถมีกิจกรรมร่วมกับเว็บไซต์ได้ แต่ต้องล็อกอินก่อน ::
  ล็อกอิน

รายการสื่อสารสนเทศ

ลำดับที่ ประเภท เลขเรียก/บาร์โค้ด สถานที่ สถานะ
- ไม่พบข้อมูล -

รายการใกล้เคียง
    หัวเรื่อง [เด็ก การดูแล]
    หัวเรื่อง [จิตวิทยาเด็ก]

BibComment


ยังไม่เคยถูกคอมเมนท์

คอมเมนท์ทรัพยากรรายการนี้
  คอมเมนท์: น้องเดียว Reality..


 Copyright 2026. Bcnsprnw @Library